000 00420nam a2200181Ia 4500
005 20250603145152.0
008 250603s9999 xx 000 0 und d
020 _a9789988234423
050 _aKP 90 .W5/
100 _aWigwe, C.Chris
245 0 _aIntroduction to criminal Law in Nigeria
260 _aLagos
260 _bMountcrest press
260 _c2016
300 _a746 p
650 _aLagos
942 _cBK
999 _c41079
_d41079